01364nam a2200277uu 4500001000800000005001700008007001000025008004100035035001200076040001300088041000800101080000800109100004500117245008600162260004300248300001700291520057200308650001500880650001300895650002300908700004900931700004100980700004501021502001201066526000801078107027520260507082708.0cr|||||||080228s2008 spa  a1070275 ccomduadb aspa aPQU10aPeláez Restrepo, Juan Felipe4auteaut10aElaboración de nomogramas de propiedades para la molienda de Clinker de cemento aMedellín :b[sin publicador],c2008. a82 páginas3 aEl propósito de éste estudio fue establecer nomogramas para la molienda de Clínker de cemento, en el que se variaron condiciones de operación determinantes tales como la velocidad de giro del molino, el porcentaje de cuerpos moledores y el tiempo de residencia en el molino, permitiendo apreciar los cambios de las propiedades de los materiales como la distribución granulométrica, área superficial, número de partículas por gramo y diámetro superficie - volumen, con el objetivo de establecer condiciones óptimas de operación para el proceso. aNomogramas aMolienda aClinker de cemento10aRodríguez Olarte, Natalia Ivonne4auteaut10aSánchez Camargo, Ricardo4auteaut10aGranda Ramírez, Carlos Fidel4thseths b178c17 a180